| 000 | 00990nam a2200277 a 4500 | ||
|---|---|---|---|
| 003 | OSt | ||
| 005 | 20231121115417.0 | ||
| 008 | 231110s2016 rm a|||| |||| 001 0 eng d | ||
| 020 | _a978-92-5-109564-5 | ||
| 040 |
_cCHAP _erda |
||
| 082 | 0 | 0 |
_222 _a305.43630 _bF21y 2016 |
| 245 | 0 | 0 |
_aMeeting our goals : _bFAO's programme for gender equality in agriculture and rural development / _cpor FAO. |
| 264 | 1 |
_aRoma : _bFAO. _c2016. |
|
| 300 |
_a75 páginas: _bgráficos, cuadros. |
||
| 336 |
_2rdacontent _atexto _btxt |
||
| 337 |
_2rdamedia _asin medio _bn |
||
| 338 |
_2rdacarrier _avolumen _bnc |
||
| 504 | _aIncluye referencias bibliográficas páginas: 72-74. | ||
| 650 | 4 |
_9132180 _aMujeres _xEnfoque de género |
|
| 650 | 4 |
_9131913 _aMujeres en la agricultura |
|
| 650 | 4 |
_9132989 _aComunidades rurales _xProgramas de desarrollo |
|
| 710 | 2 |
_9144278 _aOrganización de las Naciones Unidas para la Agricultura y la Alimentación (FAO) |
|
| 942 | _2ddc | ||
| 942 | _2ddc | ||
| 942 | _cLIBRO | ||
| 999 |
_c219376 _d219376 |
||